| 000 | 00355nam a2200133Ia 4500 | ||
|---|---|---|---|
| 005 | 20260328101456.0 | ||
| 008 | 260328s9999||||xx |||||||||||||| ||und|| | ||
| 100 | _aGoldemberg, Jorge J. | ||
| 245 | 0 |
_aEclecticismo y Modernidad en Buenos Aires / _cJorge J. Goldemberg |
|
| 260 | _bCP67 | ||
| 300 | _a192 p. | ||
| 650 | _aARQUITECTURA REGIONAL | ||
| 942 | _cBK | ||
| 999 |
_c8827 _d8827 |
||